LEADER 03553nam 22005295 450 001 9910484083703321 005 20200711151543.0 010 $a3-658-15846-8 024 7 $a10.1007/978-3-658-15846-0 035 $a(CKB)3710000000857573 035 $a(DE-He213)978-3-658-15846-0 035 $a(MiAaPQ)EBC4681506 035 $a(EXLCZ)993710000000857573 100 $a20160912d2017 u| 0 101 0 $ager 135 $aurnn|008mamaa 181 $ctxt$2rdacontent 182 $cc$2rdamedia 183 $acr$2rdacarrier 200 10$aRecht auf Krankenbehandlung und Recht auf ein menschenwürdiges Existenzminimum /$fvon Florian Wilksch 205 $a1st ed. 2017. 210 1$aWiesbaden :$cSpringer Fachmedien Wiesbaden :$cImprint: Springer,$d2017. 215 $a1 online resource (XVIII, 394 S. 2 Abb.) 300 $a"Research"--Cover. 311 $a3-658-15845-X 320 $aIncludes bibliographical references and index. 327 $aDas Recht auf Krankenbehandlung im SGB V -- Verfassungsrechtlicher Geltungsgrund eines Rechts auf Krankenbehandlung -- Das Recht auf ein gesundheitliches Existenzminimum -- Schlussfolgerungen für die Leistungsbegrenzung. 330 $aFlorian Wilksch untersucht, inwieweit im Krankenversicherungsrecht das verfassungsrechtlich garantierte Recht auf ein gesundheitliches Existenzminimum verwirklicht ist, wie dies im Rahmen der Fürsorge wirkt und welche Spannungen daraus entstehen. Dabei stellt er fest, dass der Gleichlauf zwischen Versicherungs- und Subsistenzsicherungsrecht unzureichend ist, da Legitimationsdefizite und materielle Deckungslücken bestehen. Daher wird ein existenzsicherungsrechtlicher Gesundheitsbegriff vorgeschlagen und beleuchtet, der sich am bio-statistischen Krankheitsmodell orientiert und durch die Grundbefähigungslehre angereichert wird. Der Inhalt Das Recht auf Krankenbehandlung im SGB V Verfassungsrechtlicher Geltungsgrund eines Rechts auf Krankenbehandlung Das Recht auf ein gesundheitliches Existenzminimum Schlussfolgerungen für die Leistungsbegrenzung Die Zielgruppen Dozierende und Studierende der Rechtswissenschaft, der Gesundheitswissenschaft und der Medizin Sozialrichter, Rechtsanwälte, Mitarbeiter von Sozialleistungsträgern, Sozialpolitiker, Ärzte im Rahmen Selbstverwaltung, Gesundheitsmanager und -ökonomen Der Autor Dr. Florian Wilksch ist Rechtsreferendar am Landgericht Erfurt. Er war wissenschaftlicher Mitarbeiter am Lehrstuhl für Sozialrecht und Bürgerliches Recht (Prof. Dr. Dr. h.c. Eichenhofer) der Friedrich-Schiller-Universität Jena. . 606 $aLabor laws and legislation 606 $aConstitutional law 606 $aMedicine 606 $aLabour Law/Social Law$3https://scigraph.springernature.com/ontologies/product-market-codes/R12018 606 $aConstitutional Law$3https://scigraph.springernature.com/ontologies/product-market-codes/R17028 606 $aMedicine/Public Health, general$3https://scigraph.springernature.com/ontologies/product-market-codes/H00007 615 0$aLabor laws and legislation. 615 0$aConstitutional law. 615 0$aMedicine. 615 14$aLabour Law/Social Law. 615 24$aConstitutional Law. 615 24$aMedicine/Public Health, general. 676 $a344.01 676 $a344.03 700 $aWilksch$b Florian$4aut$4http://id.loc.gov/vocabulary/relators/aut$01215566 906 $aBOOK 912 $a9910484083703321 996 $aRecht auf Krankenbehandlung und Recht auf ein menschenwürdiges Existenzminimum$92808745 997 $aUNINA LEADER 01077nas 2200385 c 450 001 9910892468203321 005 20260218110051.0 035 $a(DE-599)ZDB3172439-5 035 $a(OCoLC)1422531993 035 $a(DE-101)1310151849 035 $a(CKB)5590000001271230 035 $a(DE-599)3172439-5 035 $a(EXLCZ)995590000001271230 100 $a20231117a20129999 |y | 101 0 $aeng 135 $aur||||||||||| 181 $ctxt$2rdacontent 182 $cc$2rdamedia 183 $acr$2rdacarrier 200 00$aAsian journal of literature, culture and society 210 31$aBangkok$cAssumption University Press$d[2012?]- 215 $aOnline-Ressource 300 $aGesehen am 17.11.23 300 $aVolltext auch als Teil einer Datenbank verfu?gbar 608 $aZeitschrift$2gnd-content 676 $a400 676 $a800 676 $a300 801 0$b8009 801 1$bDE-101 801 2$b9999 906 $aJOURNAL 912 $a9910892468203321 996 $aAsian journal of literature, culture, and society$92375179 997 $aUNINA